LEADER 01624nam a2200337 u 4500 001 000000034261 003 CaOOAMICUS 005 20070226112444.0 008 971127s1997 it u000 u ita u 020 $a8837216556 035 $a10777521 040 $aIPA$bita 245 03$aIl Concilio di Trento nella prospettiva del terzo millennio :$batti del convegno tenuto a Trento il 25-28 settembre 1995 /$ca cura di Giuseppe Alberigo e Iginio Rogger. 260 $aBrescia :$bMorcelliana,$c1997. 300 $a461 p. ;$c23 cm 490 1 $aReligione e cultura ;$v10 500 $aComprende riferimenti bibliografici e indice. 500 $aIn testa al front.: Istituto di scienze religiose in Trento. 611 24$aConcilium Tridentinum$d(1545-1563).$0(OLS)http://pul/subject/698 700 1 $aAlberigo, Giuseppe,$d1926-2007.$0(OLS)http://pul/name/114 700 1 $aRogger, Iginio.$0(OLS)http://pul/name/15075 710 2 $aIstituto di scienze religiose in Trento.$0(OLS)http://pul/name/399 830 0$aReligione e cultura ;$v10.$0(OLS)http://pul/title/21162 850 $aPUL 852 $aPUL$W1$xSL Religione 1$y3$m30 F 30$j46987$nBK-PRI$b $qStampati$B46987$CPULBib$Z2$F46987 $H $81 941 1 $a8 960 $aConcilio di Trento$d(1545-1563)$9698 961 $aINV: 77446 996 $6020$a8837216556$9(OLS)http://pul/number/42983 996 $6245$aIl Concilio di Trento nella prospettiva del terzo millennio :$batti del convegno tenuto a Trento il 25-28 settembre 1995$9(OLS)http://pul/title/47195 996 $6260$aBrescia :$bMorcelliana$9(OLS)http://pul/publisher/47854 LEADER 01280nam a2200313 u 4500 001 000000061899 003 CaOOAMICUS 005 20070226121056.0 008 010914s1988 it u000 u ita u 035 $a10902899 040 $aPUL(R)$bita 041 1 $aita$hspa 100 1 $aGonzález, Carlos Ignacio.$0(OLS)http://pul/name/34921 240 10$aMaría Evangelizada y Evangelizadora.$lItaliano.$0(OLS)http://pul/title/82614 245 10$aMariologia :$bMaria Madre e Discepola /$cCarlos Ignacio González. 260 $aCasale Monferrato :$bPiemme,$cc1988. 300 $a343 p. ;$c24 cm 490 1 $aGrande corso di teologia fondamentale e dogmatica 504 $aBibliografia: p. 311-335. 600 04$aMaria Virgo,$cs.$0(OLS)http://pul/subject/500 830 0$aGrande corso di teologia fondamentale e dogmatica.$0(OLS)http://pul/title/82616 850 $aPUL 852 $aPUL$W1$xSL Religione 1$y3$m66 E 87$j80575$nBK-PRI$b $qStampati$B80575$CPULBib$Z2$F80575 $H $81 941 1 $a8 960 $aMariologia$9500 960 $aMariologia$9500 961 $aINV: 59729 996 $6245$aMariologia :$bMaria Madre e Discepola$9(OLS)http://pul/title/82615 996 $6260$aCasale Monferrato :$bPiemme$9(OLS)http://pul/publisher/51813